Diseño de una impresora 3D de bajo costo y basada fotopolimerización, para la microfabricación de dispositivos microfluídicos y arquitecturas con implicaciones en nanobioingeniería
Сохранить в:
| Главный автор: | |
|---|---|
| Другие авторы: | |
| Формат: | |
| Язык: | Spanish |
| Опубликовано: |
San José, Costa Rica
2015
|
| Предметы: | |
| Метки: |
Добавить метку
Нет меток, Требуется 1-ая метка записи!
|
MARC
| LEADER | 00000nam a22000007a 4500 | ||
|---|---|---|---|
| 003 | 012316 | ||
| 005 | 20230907132247.0 | ||
| 008 | 160202b2015 cr a|||| m||| 00| ||spa d | ||
| 040 | |c cru CEDI | ||
| 090 | |a TFG 7480 | ||
| 100 | |9 1427 |a Cubero Montealegre, Luis Ángel , 1992- | ||
| 245 | |a Diseño de una impresora 3D de bajo costo y basada fotopolimerización, para la microfabricación de dispositivos microfluídicos y arquitecturas con implicaciones en nanobioingeniería | ||
| 260 | |a San José, Costa Rica |c 2015 | ||
| 300 | |a x, 74 hojas : ilustraciones, 5 planos plegables. | ||
| 500 | |a Proyecto de graduación (licenciatura en ingeniería mecánica)--Universidad de Costa Rica. Facultad de Ingeniería. Escuela de Ingeniería Mecánica | ||
| 501 | |a Director de Trabajo Final de Graduación: Ing. Carlomagno Vindas Palma | ||
| 650 | |x IMPRESION TRIDIMENSIONAL |x IMPRESORAS - EQUIPO Y ACCESORIOS |x IMPRESORAS - DISEÑO |x INGENIERIA MECANICA |x DISEÑO DE MAQUINAS |9 2969 | ||
| 700 | |9 1428 |a Carlomagno Vindas Palma,1964- |d Director del TFG | ||
| 942 | |c CEDI | ||
| 999 | |c 16008 |d 16008 | ||
